Best NFL player from every jersey number - Statistics

General Stats
  • This quiz has been taken 100 times
  • The average score is 29 of 99
Answer Stats
# Team Player % Correct
#12 Patriots/Buccaneers Tom Brady
88%
#16 49ers/Chiefs Joe Montana
81%
#18 Colts/Broncos Peyton Manning
80%
#4 Packers/Vikings/Jets Brett Favre
78%
#22 Dallas Cowboys Emmitt Smith
77%
#20 Detroit Lions Barry Sanders
76%
#21 Falcons/Cowboys/49ers+ Deion Sanders
74%
#99 Los Angeles Rams Aaron Donald
73%
#34 Chicago Bears Walter Payton
70%
#13 Miami Dolphins Dan Marino
69%
#9 Chargers/Saints Drew Brees
69%
#2 Falcons/Colts Matt Ryan
69%
#1 Oilers/Chiefs/Seahawks+ Warren Moon
69%
#7 Denver Broncos John Elway
66%
#80 San Francisco 49ers Jerry Rice
65%
#84 Vikings/Raiders/Patriots/Titans/49ers Randy Moss
65%
#56 New York Giants Lawrence Taylor
62%
#8 49ers/Chiefs Steve Young
61%
#17 Chargers/Colts Philip Rivers
57%
#11 Arizona Cardinals Larry Fitzgerald
55%
#15 Green Bay Packers Bart Starr
54%
#31 Packers/Saints Jim Taylor
54%
#52 Baltimore Ravens Ray Lewis
54%
#87 Patriots/Buccaneers Rob Gronkowski
54%
#32 Cleveland Browns Jim Brown
47%
#54 Dallas Cowboys Randy White
43%
#92 Eagles/Packers/Panthers Reggie White
43%
#10 Minnesota Vikings Fran Tarkenton
42%
#19 Baltimore Colts Johnny Unitas
42%
#51 Chicago Bears Dick Butkus
41%
#26 Pittsburgh Steelers Rod Woodson
39%
#24 Raiders/Packers Charles Woodson
38%
#23 Chicago Bears Devin Hester
36%
#29 Los Angeles Rams Eric Dickerson
36%
#91 Rams/Steelers/Panthers/49ers Kevin Greene
34%
#28 Colts/Rams Marshall Faulk
34%
#71 Seattle Seahawks Walter Jones
34%
#30 Denver Broncos Terrell Davis
32%
#43 Steelers Troy Polamalu
31%
#69 Chiefs, Vikings,Bears,Panthers Jared Allen
30%
#36 Rams/Steelers Jerome Bettis
28%
#40 Chicago Bears Gale Sayers
27%
#50 Chicago Bears Mike Singletary
27%
#90 Panthers/Bears/Packers Julius Peppers
26%
#58 Pittsburgh Steelers Jack Lambert
24%
#35 Cardinals/Rams Aeneas Williams
23%
#44 Jets/Redskins John Riggins
23%
#55 chargers/patriots/dolphins Junior Seau
23%
#78 Cincinnati Bengals Anthony Munoz
22%
#42 49ers/Raiders/Jets Ronnie Lott
22%
#59 Pittsburgh Steelers Jack Ham
19%
#39 Dolphins/Giants Larry Csonka
19%
#14 Green Bay Packers Don Hutson
18%
#89 Bears/Eagles/Cowboys Mike Ditka
18%
#88 Vikings/Bears Alan Page
16%
#3 Chicago Bears Bronko Nagurski
16%
#81 Rams/Cardinals/Lions Dick "Night Train" Lane
16%
#47 Pittsburgh Steelers Mel Blount
16%
#93 Vikings/Seahawks John Randle
15%
#33 Washington Redskins Sammy Baugh
15%
#5 Green Bay Packers Paul Hornung
14%
#73 New England Patriots John Hannah
12%
#74 Dallas Cowboys Bob Lilly
11%
#25 Oakland Raiders Fred Biletnikoff
11%
#66 Green Bay Packers Ray Nitschke
11%
#86 Kansas City Chiefs Buck Buchanan
9%
#82 Baltimore Colts Raymond Berry
9%
#98 Indianapolis Colts Robert Mathis
9%
#57 Miami Dolphins Dwight Stephenson
8%
#85 Los Angeles Rams Jack Youngblood
8%
#75 Pittsburgh Steelers "Mean" Joe Greene
8%
#95 Bears/49ers/Colts/Eagles Richard Dent
8%
#83 Colts/Packers/Raiders Ted Hendricks
8%
#63 Kansas City Chiefs Willie Lanier
8%
#96 Seattle Seahawks Cortez Kennedy
7%
#37 Detroit Lions Doak Walker
7%
#27 Houston Oilers Ken Houston
7%
#77 Chicago Bears Red Grange
7%
#72 St. Louis Cardinals Dan Dierdorf
5%
#6 New Orleans Saints Thomas Morstead
5%
#61 Bears/Rams Bill George
4%
#94 49ers/Cowboys Charles Haley
4%
#45 Giants/Packers Emlen Tunnell
4%
#62 Miami Dolphins Jim Langer
4%
#76 Browns/Steelers Marion Motley
4%
#41 New York Jets Matt Snell
4%
#70 Giants/Redskins Sam Huff
4%
#68 Kansas City Chiefs Will Shields
4%
#38 Packers/Giants Arnie Herber
3%
#49 Browns/Redskins Bobby Mitchell
3%
#97 San Francisco 49ers Bryant Young
3%
#65 Vikings/Broncos Gary Zimmerman
3%
#53 New York Giants Harry Carson
3%
#64 Green Bay Packers Jerry Kramer
3%
#46 Giants/Raiders Todd Christensen
3%
#67 Miami Dolphins Bob Kuenchenberg
1%
#60 Philadelphia Eagles Chuck Budnarik
1%
#48 Dallas Cowboys Darnyl Johnston
1%
#79 New York Giants Roosevelt Brown
1%
No matching quizzes found
Score Distribution
Percent of People with Each Score
Percentile by Number Answered
Your Score History
You have not taken this quiz